000
00357nam a2200169Ia 4500
100
_a
Limb/Peter
650
_a
Biography
942
_c
BK
366
_f
25
654
_a
nelson mandela
245
_a
Nelson mandela:Biography
260
_b
Jaico Publishing House
_c
2016
082
_b
LIM
300
_a
144
546
_a
ENGLISH
_c
Computers
999
_c
26838
_d
26838